Autour de la natation aux JO - Statistiques

Statistiques générales
  • Ce quiz a été pris 117 fois
    54 depuis la dernière actualisation
  • Le résultat moyen est 54 sur 116
Statistiques - réponses
Hint Réponse % Correct
Les médaillés français 200 M 4 nages en 2024 | 200 M Brasse en 2008 | 200 M papillon en 2024 | +2 others Léon {Marchand}
100%
Les médaillés français 4 x 100 M 4 Nages relais en 2024 | 4 x 100 M Nage libre relais en 2016 | 50 M Nage libre en 2012 | +3 others Florent {Manaudou}
98%
Les médaillées françaises 100 M Dos en 2004 | 400 M Nage libre en 2004 | 800 M Nage libre en 2004 Laure {Manaudou}
98%
Les médaillés français 100 M Nage libre en 2008 | 4 x 100 M Nage libre relais en 2008 | 50 M Nage libre en 2008 Alain {Bernard}
80%
Natation sportive - Citez un des pays ayant obtenu au moins 60 médailles d'argent | 60 médailles d'or Etats-Unis | Australie
80%
Natation sportive - Citez un des pays ayant obtenu au moins 60 médailles de bronze Etats-Unis | Australie | Allemagne
80%
Les médaillés français 4 x 100 M 4 Nages relais en 2024 Maxime {Grousset}
80%
Natation sportive - Citez un des pays ayant obtenu au moins 10 médailles d'or Canada | Chine | URSS | France | Suède
76%
Natation sportive - Citez un des pays ayant obtenu au moins 10 médailles de bronze Italie | Suède | Chine | Brésil
74%
Natation sportive - Citez un des pays ayant obtenu au moins 20 médailles d'argent Allemagne | Royaume-Uni | Japon | Hongrie | Chine | URSS | Pays-Bas | Canada
72%
Natation sportive - Citez un des pays ayant obtenu au moins 20 médailles d'or Japon | Allemagne | Hongrie | Royaume-Uni | Pays-Bas
72%
Natation sportive - Citez un des pays ayant obtenu au moins 10 médailles d'argent Suède | France
72%
Natation sportive - Citez un des pays ayant obtenu au moins 20 médailles de bronze Japon | Royaume-Uni | Canada | URSS | Hongrie | Pays-Bas | Fance
70%
Les médaillés français 200 M Nage libre en 2012 | 4 x 100 M Nage libre relais en 2012 | 4 x 200 M Nage libre relais en 2012 Yannick {Agnel}
70%
Les médaillées françaises 200 M Nage libre en 2012 | 4 x 200 M Nage libre relais en 2012 | 400 M Nage libre en 2012 Camille {Muffat}
65%
Les médaillées françaises 4 x 200 M Nage libre relais en 2012 Charlotte {Bonnet}
65%
Les médaillés français 4 x 100 M Nage libre relais en 2016 Jérémy {Stravius}
63%
Les médaillées françaises 50 M Nage libre en 2004 Malia {Metella}
63%
Les médaillés français 4 x 100 M Nage libre relais en 2016 Mehdy {Metella}
63%
Les médaillés français 4 x 100 M Nage libre relais en 2008 | 4 x 100 M Nage libre relais en 2012 | 4 x 200 M Nage libre relais en 2012 | 50 M Nage libre en 2008 Amaury {Leveaux}
59%
Quelle est la nationalité de ces multimédaillés ? Allison Schmitt (9) | Gary Hall Jr. (10) | Jason Lezak (8) | +7 others Américaine
59%
Les médaillés français 4 x 100 M Nage libre relais en 2008 Frédérick {Bousquet}
59%
Quelle est la nationalité de ces multimédaillés ? Dawn Fraser (8) | Emma McKeon (11) | Ian Thorpe (9) Australienne
57%
Généralités C'est un nageur qui a reçu le plus de médailles olympiques soit 15 / 23 ou 28 ? 28
54%
Les médaillés français 4 x 100 M Nage libre relais en 2008 | 4 x 100 M Nage libre relais en 2012 | 4 x 100 M Nage libre relais en 2016 Fabien {Gilot}
54%
Natation en eaux libres - Les 4 pays les plus médaillés 1 argent, 2 bronze Italie
50%
Les médaillés français 10 km eau libre en 2016 Marc-Antoine {Olivier}
48%
Quelle est la nationalité de ces multimédaillés ? Alexander Popov (9) Russe
48%
Les médaillées françaises 1500 M Nage libre en 2024 Anastasiia {Kirpichnikova}
46%
Les médaillées françaises 4 x 200 M Nage libre relais en 2012 Coralie {Balmy}
46%
Généralités C'est le sport qui attribue le plus de médailles avec l'/la/le athlétisme
41%
Natation en eaux libres - Les 4 pays les plus médaillés 3 or et 1 argent Pays-Bas
41%
Natation en eaux libres - Les 4 pays les plus médaillés 1 or, 1 argent, 1 bronze Allemagne
39%
Les médaillées françaises 200 M Dos en 2000 Roxana {Maracineanu}
37%
Généralités La natation a fait son apparition aux JO en 1896
35%
Les médaillés français 4 x 200 M Nage libre relais en 2012 Grégory {Mallet}
35%
Quelle est la nationalité de ces multimédaillés ? Kornelia Ender (8) | Roland Matthes (8) Allemande
30%
Les médaillés français 200 M Papillon en 1992 Franck {Esposito}
30%
Les médaillés français 100 M Brasse en 2004 | 100 M Brasse en 2008 | 200 M Brasse en 2008 Hugues {Duboscq}
30%
Quelle est la nationalité de ces multimédaillés ? Inge de Bruijn (8) Néerlandaise
28%
Natation en eaux libres - Les 4 pays les plus médaillés 2 argent, 1 bronze Royaume-Uni
28%
Généralités Les femmes ont pu disputer ces épreuves à partir de 1912
26%
Les médaillés français 4 x 100 M Nage libre relais en 2012 | 4 x 200 M Nage libre relais en 2012 Clément {Lefert}
26%
Les médaillés français 4 x 200 M Nage libre relais en 1952 | 400 M Nage libre en 1952 Jean {Boiteux}
24%
Les médaillées françaises 4 x 200 M Nage libre relais en 2012 Ophélie-Cyrielle {Etienne}
17%
Les médaillées françaises 200 M Nage libre en 2004 Solenne {Figuès}
15%
Les médaillées françaises 100 M Dos en 1964 Christine {Caron}
13%
Les médaillés français 100 M Nage libre en 1988 | 100 M Nage libre en 1992 Stéphan {Caron}
13%
Les médaillés français 4 x 100 M 4 Nages relais en 2024 Yohann {Ndoye Brouart}
11%
Les médaillés français 4 x 200 M Nage libre relais en 1948 | 4 x 200 M Nage libre relais en 1952 Alex {Jany}
9%
Les médaillées françaises 100 M Nage libre en 1988 | 100 M Papillon en 1992 Catherine {Plewinski}
9%
Les médaillés français 100 M Dos en 1948 Georges {Vallerey}
9%
Les médaillés français 100 M Dos en 1952 Gilbert {Bozon}
9%
Les médaillés français 400 M Nage libre en 1968 Alain {Mosconi}
7%
Les médaillées françaises 100 M Brasse en 1984 Catherine {Poirot}
7%
Les médaillés français 200 M Dos en 1984 Frédéric {Delcourt}
7%
Les médaillés français 4 x 200 M Nage libre relais en 1948 Henri {Padou}
7%
Les médaillés français 4 x 200 M Nage libre relais en 1948 | 4 x 200 M Nage libre relais en 1952 Joseph {Bernardo}
7%
Les médaillés français 4 x 200 M Nage libre relais en 1952 Aldo {Eminente}
4%
Les médaillés français Nage sous l'eau en 1900* André {Six}
4%
Les médaillés français Nage sous l'eau en 1900* Charles {Devendeville}
4%
Les médaillés français 200 M par équipes en 1900* Désiré {Merchez}
4%
Les médaillés français 200 M par équipes en 1900* Georges {Leuillieux}
4%
Les médaillés français 400 M Nage libre en 1932 Jean {Taris}
4%
Les médaillés français 200 M par équipes en 1900* Jules {Verbecke}
4%
Les médaillés français 200 M par équipes en 1900* Louis {Martin}
4%
Les médaillés français 200 M par équipes en 1900* Maurice {Hochepied}
4%
Les médaillés français 200 M par équipes en 1900* Philippe {Houben}
4%
Les médaillés français 4 x 200 M Nage libre relais en 1948 René {Cornu}
4%
Les médaillés français 200 M par équipes en 1900* René {Tartara}
4%
Les médaillés français 200 M par équipes en 1900* Victor {Cadet}
4%
Les médaillés français 200 M par équipes en 1900* Victor {Hochepied}
4%
Les médaillés français 200 M par équipes en 1900* Joseph {Bertrand}
2%
Aucun quiz correspondant
Distribution des résultats
% des personnes avec chaque résultat
Percentile par nombre de réponses
Votre historique - résultats
Vous n’avez pas pris ce quiz depuis la dernière actualisation